| 000 | 01203nam1a22002651i 4500 | ||
|---|---|---|---|
| 001 | rc\2353028 | ||
| 005 | 20240726105926.0 | ||
| 035 | _a(NLR Aleph) 006476952 | ||
| 090 |
_a5993664 _c5993664 |
||
| 100 | _a20110829g1977 |||y0rusy50 ca | ||
| 101 | 0 | _arus | |
| 102 | _aRU | ||
| 105 | _ay z ||||| | ||
| 200 | 1 |
_aМетодические разработки к самостоятельной работе студентов вечернего факультета при изучении курса истории КПСС _fПод ред. доц. Аркадьевой Л.А. Вып. 1- _gМПС СССР. Моск. ин-т инженеров ж.-д. транспорта. Кафедра истории КПСС |
|
| 210 |
_aМосква _cБ. и. _d1977- |
||
| 215 | _d20 | ||
| 300 | _aПеред загл. авт.: П.А. Коверов, Н.Ф. Жаринская, Т.Е. Лукашевская | ||
| 700 | 1 |
_aКоверов _bП.А. _gПавел Андреевич |
|
| 701 | 1 |
_aЖаринская _bН.Ф. |
|
| 701 | 1 |
_aЛукашевская _bТ.Е. |
|
| 702 | 1 |
_aАркадьева _bЛ.А. _4340 |
|
| 801 | 0 |
_aRU _bNLR _gpsbo |
|
| 801 | 1 |
_aRU _bELAR _2rusmarc |
|
| 852 |
_aNLR _j77-4/22495 |
||
| 942 | _cBOOK | ||